Analýza vplyvu lesklosti povrchu na kvalitu optického 3D skenovania

Gespeichert in:
Bibliographische Detailangaben
1. Verfasser: Sviteková, Nikola, 1991- (Verfasst von)
Weitere Verfasser: Onderová, Iveta, 1978- (Betreuung Doktorarbeit)
Format: Manuskript Buch
Sprache:Slowakisch
Veröffentlicht: Bratislava : STU v Bratislave SjF, 2013
Schlagworte:
Online-Zugang:VAIS
Tags: Tag hinzufügen
Keine Tags, Fügen Sie das erste Tag hinzu!

MARC

LEADER 00000ntm a22000003a 4500
001 stu286997
005 20150617230254.3
008 140322s2013----xo------------------slo-d
040 |a STU  |b slo 
041 0 |a slo 
044 |a xo 
100 1 |a Sviteková, Nikola,  |d 1991-  |4 aut  |u J  |T SjF Strojnícka fakulta  |X 44509  |U J  |Y 20  |7 A000044509 
242 0 0 |a The quality of 3D scanning and its dependence on the shininess of the surface   |y eng 
245 1 |a Analýza vplyvu lesklosti povrchu na kvalitu optického 3D skenovania 
260 |a Bratislava :  |b STU v Bratislave SjF,  |c 2013 
650 7 |a Production Systems and Quality Management  |2 estusub 
650 7 |a 3D skener  |2 stusub 
650 7 |a výrobné systémy a manažérstvo kvality  |2 stusub 
700 1 |a Onderová, Iveta,  |d 1978-  |4 ths  |u J0070  |U SjF Strojnícka fakulta  |T SjF Ústav výrobných systémov, enviromentálnej techniky a manažment kvality  |X 46392  |U J0070  |Y 804  |7 A000046392 
856 4 |a info a plný text  |u http://is.stuba.sk/zp/portal_zp.pl?podrobnosti=84182  |3 VAIS 
996 |b 284J042490  |c J*1487/BP  |l JJSK  |s A  |a 24  |w stu286997_0001